000 02397nam a22003617a 4500
001 102458
003 KnowledgeUnlatched
005 20210303105213.0
006 m o d
007 cr u||||||||||
008 210129p20092019enk o u00| u eng d
037 _5BiblioBoard
245 0 0 _aFISH Handbook for Biological Wastewater Treatment
_cPer Nielsen, Holger Daims.
020 _a9781843392316
029 1 _ahttps://library.biblioboard.com/ext/api/media/64714e10-661c-4b97-87dd-c3638fabc875/assets/thumbnail.jpg
040 _aScCtBLL
_cScCtBLL
506 0 _aAccess copy available to the general public.
_fUnrestricted
_2star
700 1 _aNielsen, Per
_eeditor.
700 1 _aDaims, Holger
_eeditor.
264 1 _bIWA Publishing,
300 _a1 online resource (139 p.)
520 _aThe FISH Handbook for Biological Wastewater Treatment provides all the required information for the user to be able to identify and quantify important microorganisms in activated sludge and biofilms by using fluorescence in situ hybridization (FISH) and epifluorescence microscopy. It has for some years been clear that most microorganisms in biological wastewater systems cannot be reliably identified and quantified by conventional microscopy or by traditional culture-dependent methods such as plate counts. Therefore, molecular biological methods are vital and must be introduced instead of, or in addition to, conventional methods. At present, FISH is the most widely used and best tested of these methods. This handbook presents all relevant information from the literature and, based on the extensive experience of the authors, advice and recommendations are given for reliable FISH identification and quantification.
588 0 _aDescription based on print version record.
590 _aKU Select 2018: STEM Backlist Books
650 7 _aScience / Environmental Science (see Also Chemistry / Environmental)
_2bisacsh
650 0 _aScience
655 0 _aElectronic books.
758 _iIs found in:
_aKnowledge Unlatched
_1https://openresearchlibrary.org/module/2774bc74-146a-484f-a7ba-ab1d6a09bbfb
856 4 0 _uhttps://openresearchlibrary.org/content/64714e10-661c-4b97-87dd-c3638fabc875
_zView this content on Open Research Library.
_70
999 _c33889
_d33889